Stav bytového fondu a možnosti financovania jeho obnovy
Technický stav bytového fondu na Slovensku. Transformácia z centrálne plánovaného systému bytovej výstavby smerom k trhovému systému bývania. Úroveň bytového fondu z hľadiska vybavenostného i plošného štandardu. Životnosť u bytových domov. Životnosť materiálov, stavebných konštrukcií a technických z...
Salvato in:
| Autore principale: | |
|---|---|
| Natura: | Capitolo di libro |
| Lingua: | slovacco |
| Soggetti: | |
| Tags: |
Nessun Tag, puoi essere il primo ad aggiungerne!!
|
MARC
| LEADER | 00000naa$a2200000$$$4500 | ||
|---|---|---|---|
| 001 | 0010347 | ||
| 005 | 20230927110948.1 | ||
| 041 | 0 | |a slo | |
| 044 | |a SK | ||
| 245 | 1 | 0 | |a Stav bytového fondu a možnosti financovania jeho obnovy |c aut. Pavol Giller |
| 520 | |a Technický stav bytového fondu na Slovensku. Transformácia z centrálne plánovaného systému bytovej výstavby smerom k trhovému systému bývania. Úroveň bytového fondu z hľadiska vybavenostného i plošného štandardu. Životnosť u bytových domov. Životnosť materiálov, stavebných konštrukcií a technických zariadení budov. Fyzický stav budov. Nedostatky bytových domov z hľadiska statickej bezpečnosti. Nedostatky bytových domov z hľadiska užívateľskej bezpečnosti. Systémové poruchy ako osobitné nedostatky. Možnosti financovania obnovy bytového fondu. Zdroje na financovanie obnovy bytového fondu. Pokrač. | ||
| 610 | 2 | 0 | |a fond bytový |
| 610 | 2 | 0 | |a fond rozvoja bývania |
| 610 | 2 | 0 | |a bývanie |
| 610 | 2 | 0 | |a výstavba bytová |
| 610 | 2 | 0 | |a nástroje ekonomické |
| 610 | 2 | 0 | |a zdroje finančné |
| 610 | 2 | 0 | |a sporenie stavebné |
| 610 | 2 | 0 | |a úver hypotekárny |
| 610 | 2 | 0 | |a Slovensko |
| 100 | 1 | |a Giller, Pavol | |